| 000 | 00000nam##2200000za#4500 |
| 001 | 9.625798 |
| 003 | CaOODSP |
| 005 | 20200421163419 |
| 007 | ta |
| 008 | 150406|2001||||xxc||||| f|0| 0 fre|d |
| 020 | |a0-662-86368-2 |
| 040 | |aCaOODSP|bfre |
| 043 | |an-cn--- |
| 086 | 1 |aNH18-23/80F |
| 110 | 2 |aSociété canadienne d'hypothèques et de logement. |
| 245 | 10|aPlace et services à l'intention des enfants et des jeunes dans les centres d'hébergement pour familles sans abri |
| 260 | |aOttawa - Ontario : |bSociété canadienne d'hypothèques et de logement |c2001. |
| 300 | |a4p. : |bgraphiques ; |c28 cm. |
| 490 | 1 |aLe point en recherche. Série socio-économique |v80 |
| 563 | |aDépliant |
| 590 | |a01-42|b2001-10-19 |
| 691 | 07|aAdolescent|2gcpds |
| 691 | 07|aFamille|2gcpds |
| 691 | 07|aEnfant|2gcpds |
| 691 | 07|aSans-abri|2gcpds |
| 775 | 08|tChildren and youth in homeless families : |w(CaOODSP)9.615779 |
| 830 | #0|aLe point en recherche. Série socio-économique ;|v80|w(CaOODSP)9.513180 |
| 986 | |aLNH 61170 |